Premier League Scorers 2015-2016 - Statistics

General Stats
  • This quiz has been taken 129 times
  • The average score is 14 of 20
Answer Stats
Rank Club Player Goals % Correct
1 Tottenham Hotspur Harry Kane 25
100%
3 Leicester City Jamie Vardy 24
99%
2 Manchester City Sergio Agüero 24
99%
5 Leicester City Riyad Mahrez 17
92%
4 Everton Romelu Lukaku 18
89%
6 Arsenal Olivier Giroud 16
88%
10 Arsenal Alexis Sanchez 13
82%
12 Chelsea Diego Costa 12
82%
19 Tottenham Hotspur Dele Alli 10
71%
9 Watford Troy Deeney 13
71%
7 Sunderland Jermain Defoe 15
70%
15 Manchester United Anthony Martial 11
68%
20 Liverpool Roberto Firmino 10
61%
14 Southampton Sadio Mané 11
59%
16 Southampton Graziano Pellè 11
55%
8 Watford Odion Ighalo 15
52%
13 Stoke City Marko Arnautovic 11
48%
17 Swansea City Gylfi Sigurdsson 11
44%
18 Newcastle United Georginio Wijnaldum 11
36%
11 Swansea City André Ayew 12
35%
No matching quizzes found
Score Distribution
Percent of People with Each Score
Percentile by Number Answered
Your Score History
You have not taken this quiz